[Event "Gashimov Memorial 3rd"]
[Site "Shamkir"]
[Date "2016.05.30"]
[Round "5"]
[White "Safarli, Eltaj"]
[Black "Giri, Anish"]
[Result "0-1"]
[WhiteElo "2664"]
[BlackElo "2790"]
[Annotator "Mekhitarian,K"]
[PlyCount "86"]
[EventDate "2016.05.26"]
[EventType "tourn"]
[EventRounds "9"]
[EventCountry "AZE"]
[EventCategory "20"]
[SourceTitle "CBM 173"]
[Source "ChessBase"]
[SourceDate "2016.07.12"]
[SourceVersion "1"]
[SourceVersionDate "2016.07.12"]
[SourceQuality "1"]

1. e4 c5 2. Nf3 d6 3. Bb5+ {A very common response from White, to avoid the
main theoretical Sicilian battles.} Nd7 {An ambitious approach, aiming to
avoid simplifications, or if White wants to exchange, Black will get the
bishop pair.} (3... Bd7 4. Bxd7+ Qxd7 5. O-O Nc6 {now White can choose between
many moves, like c3, c4, Re1 and Qe2, for example.}) (3... Nc6 4. O-O Bd7 {
is a different line, where Black delays the kingside development, but gets a
more natural piece setup on the queenside (comparing to the ...Nd7 line).
Nevertheless, White also can claim an opening advantage by playing with the
initiative} 5. Re1 Nf6 6. c3 a6 {now both Ba4 and Bf1 are interesting.} 7. Bf1
Bg4 8. h3 Bxf3 (8... Bh5 9. g4 Bg6 10. d4 $1 $36) 9. Qxf3 $14 {achieving a
small, but enduring positional advantage with the bishop pair.}) 4. c4 {
A rare idea, aiming to build a strong centre.} Ngf6 5. Nc3 g6 6. O-O Bg7 7. Ba4
(7. d4 {looked more logical} cxd4 8. Nxd4 O-O 9. Bxd7 Bxd7 10. b3 $11 {with a
standard position, White has more space, Black has the bishop pair and
possibilities of counterplay.}) 7... O-O 8. h3 (8. d4 {was the last chance to
make this move} cxd4 9. Nxd4 $11) 8... Nb6 {When I first saw the game, this
weird move surprised me a lot, but the white bishop also will be weirdly
placed on b3. Besides, Black will follow with ...e5 next, and is much better
prepared for f5. But Giri starts to take some risks by being too ambitious.} 9.
Bb3 (9. d4 $2 {but now it is too late} Nxa4 10. Qxa4 cxd4 11. Nxd4 Nxe4 $17)
9... e5 10. d3 Ne8 11. Bg5 f6 12. Be3 f5 13. Bg5 Bf6 14. Bh6 Bg7 15. Bg5 Qd7
16. exf5 gxf5 17. a4 a5 18. Nb5 Kh8 $2 (18... Nc7 $1 {with ...Ne6 next,
attacking the bishop, and also reinforcing the control on f4} 19. Nxc7 Qxc7 $11
{is also fine for Black.}) 19. Re1 (19. Nh4 $1 {was strong, followed by f4,
fighting for the centre:} Bf6 (19... f4 $6 20. d4 $1 {a strong tactical blow
that may have been missed by White} exd4 (20... cxd4 21. Qh5 $18 {with
decisive threats, for example:} Qf7 22. Qxf7 Rxf7 23. c5 $1 {forces Black to
resign}) 21. Re1 {threatening the decisive Re7} Be5 22. Qh5 Qf7 23. Qh6 {
Black loses control with many weaknesses around his camp} Bg7 24. Nxd6 $1 Nxd6
25. Qxd6 $16) 20. Bxf6+ Nxf6 21. f4 e4 22. Qd2 $1 {preparing both Rad1 and Qc3}
Qe7 (22... exd3 23. Qxd3 Ne4 24. Rae1 {threatening Nxf5} Qe7 25. Nf3 $16 {
Ng5 is coming and Black will be in serious trouble}) 23. Qc3 Kg8 24. Rae1 $16 {
Re3-Rg3 coming and pressure on e4, very annoying for Black} Bd7 25. Re3 Nh5 26.
Qe1 Bc6) 19... Bf6 20. Bxf6+ (20. d4 $5 {was still possible here} Bxg5 (20...
exd4 21. Qd2 $44 {with moves like Qf4, and doubling the rooks on the e-file,
White can create strong play for the sacrificed pawn}) 21. Nxg5 Qg7 22. f4 $13
{with an unclear position.}) 20... Nxf6 21. d4 $5 {Better late than never!} e4
$2 (21... cxd4 $2 22. c5 $1 dxc5 23. Nxe5 Qg7 24. Nd6 $16) (21... exd4 $1 22.
Nfxd4 cxd4 23. Qxd4 Qg7 (23... Ra6 {is just depressing for Black, now many
moves are possible, like Re3, Rad1, c5} 24. Rad1 $44) 24. Qxb6 Rg8 $132 {
suddenly the initiative switches to Black.}) 22. dxc5 $2 (22. Nh4 $1 {keeping
the centre flexible} Ne8 (22... Qe7 23. dxc5 $1 dxc5 24. Qd6 $1 {is very
annoying} Qxd6 25. Nxd6 {and Black's weaknesses are under fire} Ne8 26. Rad1
Nxd6 27. Rxd6 Ra6 28. f3 $16 {with a very sad position for Black}) 23. Qd2 Qe7
24. Qc3 Ng7 (24... Qxh4 $2 25. dxc5+ $18 {winning}) 25. dxc5 dxc5 26. Nf3 $16 {
followed by Rad1.}) 22... dxc5 23. Qxd7 $2 {Improving Black's only bad piece.}
(23. Nh4 $1 {was still better than the game.}) 23... Nbxd7 24. Nd2 $6 Ne5 {
Now Black gets a positional advantage and goes on to increase it move by move.}
25. Bc2 Bd7 26. f3 $6 Rad8 $1 27. Rad1 (27. fxe4 $2 {loses a piece} Bxb5 28.
axb5 Rxd2 $19) 27... Rg8 $1 28. Kh2 (28. fxe4 $5 {also loses a piece, but it
could be more resilient than what happened in the game} Bxb5 29. cxb5 Rxd2 30.
Rxd2 Nf3+ 31. Kf2 Nxd2 32. exf5 {suddenly White has three pawns for the piece,
and Black's knights are badly coordinated}) 28... Be8 $1 29. Nc7 $6 (29. fxe4
$2 Bh5 {is simply losing for White} 30. g4 fxg4 $19) (29. f4 Nd3 30. Bxd3 Rxd3
{threatening Bxb5 followed by Rgd8} 31. Nf1 Nh5 $1 32. Rxd3 exd3 33. g3 Bc6 34.
Rd1 Nxf4 $1 35. Nc3 (35. gxf4 $2 Rg2+ $19 {wins right away}) 35... Ng6 $1 $17 {
followed by ...Ne5, looks very bad for White.}) 29... Bh5 $19 {With some bad
moves, White has handed over the initiative and is in deep trouble now - Giri
was very precise in the last moves and is already winning.} 30. Ne6 Rde8 31.
Nc7 (31. Nxc5 exf3 32. gxf3 Bxf3 $1 $19 {forcing instant resignation.}) 31...
Re7 32. Nd5 Nxd5 33. cxd5 exf3 34. d6 Reg7 35. g4 Nxg4+ $1 36. hxg4 Rxg4 {
Threatening mate on h4.} 37. Nxf3 (37. Kh3 Rg3+ 38. Kh2 Rg2+ 39. Kh1 f2 40. Rf1
Bxd1 41. Bxd1 Rg1+ 42. Kh2 R8g2+ 43. Kh3 Rg6 $1 $19 {and White may resign.})
37... Rg2+ 38. Kh3 Bxf3 39. Bb3 R8g3+ 40. Kh4 Rg4+ 41. Kh3 Bxd1 42. d7 R4g3+
43. Kh4 Rd3 0-1

[Event "Tata Steel-A 76th"]
[Site "Wijk aan Zee"]
[Date "2014.01.21"]
[Round "8"]
[White "Harikrishna, Pentala"]
[Black "Nakamura, Hikaru"]
[Result "1-0"]
[WhiteElo "2706"]
[BlackElo "2789"]
[Annotator "Mekhitarian,K"]
[PlyCount "65"]
[EventDate "2014.01.11"]
[EventType "tourn"]
[EventRounds "11"]
[EventCountry "NED"]
[EventCategory "20"]
[SourceTitle "CBM 159"]
[Source "ChessBase"]
[SourceDate "2014.03.17"]
[SourceVersion "1"]
[SourceVersionDate "2014.03.17"]
[SourceQuality "1"]

1. e4 c5 2. Nf3 d6 3. Bb5+ $5 {A fashionable way to avoid mainstream theory -
it has gained a lot of popularity lately. Black has been fighting to establish
the balance generally.} Nd7 {The most ambitious response, Black only allows an
early exchange if it is to gain the B pair.} (3... Bd7 {could lead to a solid
position after} 4. Bxd7+ Qxd7 5. c4 {and White will go for O-O, Nc3, d4, and
we'll find a typical Maroczy setup, with the light-squared Bs exchanged.
Generally, I think White has chances to push slowly, and Black has to wait
mostly. One of the recent famous games in this line went like this:} Nf6 6. Nc3
g6 7. d4 cxd4 8. Nxd4 Bg7 9. f3 Qc7 10. b3 Qa5 11. Bb2 Nc6 12. O-O O-O 13. Nce2
Rfd8 14. Bc3 Qb6 15. Kh1 d5 16. Nxc6 bxc6 17. Qe1 Rdc8 18. e5 Ne8 19. e6 $1 {
very strong positional sacrifice, when Black starts to have real problems all
of a sudden:} fxe6 20. Nf4 Bxc3 21. Qxc3 d4 22. Qd2 c5 23. Rae1 Ng7 24. g4 $1 {
limiting the g7-N and preparing for the following idea:} Rc6 25. Nh3 Ne8 26.
Qh6 Nf6 27. Ng5 d3 28. Re5 Kh8 29. Rd1 Qa6 30. a4 {1-0 (30) Carlsen,M (2843)
-Anand,V (2780) Sao Paulo/Bilbao 2012. A very nice game by the world champion!}
) 4. O-O (4. c3 $5 {is another natural move, but not the same as in the game,
because now after} Ngf6 {White can not defend the P with Re1, which is better,
ideally} 5. Qe2 a6 6. Ba4 $13) 4... a6 5. Bd3 $5 {Another fashionable idea.
Dozens of games had been played in this position in recent months, White
basically wants to play c3-Bc2-d4.} Ngf6 6. c3 b5 7. Bc2 Bb7 8. Re1 e5 {
Reaching a typical Ruy Lopez position, from the Breyer variation.} (8... c4 {
has been tried as well, stopping d4, but creating potential weaknesses early on
} 9. a4 e5 10. axb5 axb5 11. Rxa8 Qxa8 12. Na3 {and suddenly it is very hard
for Black to defend b5} Be7 (12... Bc6 13. d3 $1 $36) 13. Nxb5 O-O 14. Qe2 $14
{1-0 (53) Karjakin,S (2762)-Cheparinov,I (2672) Rhodes 2013. Apparently
Cheparinov got a reasonable compensation, but altogether I'm not fully
convinced about giving up a P this early, it doesn't seem right.}) 9. d4 Be7
10. Nbd2 O-O 11. Nf1 {If we compare to the normal Breyer lines, Black has an
additional tempo, because normally h3 has already been played. In any case,
White is still fighting for the advantage. Allowing the clearance of the
centre like this could lead to a drawish position. The alternative was to
close it with 11.d5!?} (11. d5 $5 c4 $13 {the typical Breyer reaction as well.
Now White chooses between Nf1-Ng3 or a direct b3, trying to create something
on the Q-side.}) 11... Re8 (11... cxd4 $5 {would be the standard reaction when
White doesn't go for a quick d5, in this kind of positions} 12. cxd4 exd4 13.
Nxd4 Re8 {we can find some games here (with White's P on h3 already), and
Black doesn't seem to have major problems. For example:} 14. Nf5 Bf8 15. Nxd6
Bxd6 16. Qxd6 Bxe4 $11 {seen in the recent Sjugirov - Efimenko (with h3).
White kept a slight initiative, but after all it seemed liked a safe draw.})
12. Ng3 Bf8 (12... cxd4 $5 13. cxd4 exd4 14. Nxd4 Bf8 $11 {looks completely
fine, since all the black pieces have great squares. Now g6-Rc8 is coming and
a possible central break with ...d5 as well.}) 13. d5 g6 (13... c4 $5 {would
be the typical reaction.}) 14. b3 Nb6 15. Rb1 $1 {A useful move, since the
Q-side is likely to be opened at some point. Also, White could play c4 at some
point and benefit from the hanging b7-B.} c4 16. bxc4 Nxc4 17. a4 Qc7 $5 18.
axb5 axb5 19. Rxb5 Na3 $6 (19... Ba6 {was another way to show compensation.
For example:} 20. Rb4 {White wants to play Bd3-Qe2 now, or Ba4 as well,
getting some important squares} Nb6 $1 21. Be3 Reb8 22. Nd2 {controlling both
Ng4 and Nc4} Nbd7 $44 {when White seems to have some trouble consolidating his
Q-side.}) 20. Rb3 Nxc2 21. Qxc2 Nd7 22. Be3 Ba6 23. Ra3 (23. Nd2 $5 $16 {
following with natural moves like c4, Ra3, Rea1.}) 23... Bb5 24. Rea1 Rxa3 25.
Rxa3 Rb8 26. Ra7 Qc8 27. h3 Nb6 28. Qc1 Nc4 29. Bh6 Qc5 $2 {The position was
difficult anyway, but this loses instantly.} (29... Ra8 30. Rxa8 Qxa8 31. Bxf8
Qxf8 32. Nf1 $16 {with a long endgame to come, it looks like White's winning
chances are great.}) 30. Nh5 $1 {Now it's all over, Black can't stop the
multiple mating threats.} Bg7 (30... Qxa7 31. Nf6+ Kh8 32. Bxf8 {with Qh6 to
come} Ne3 33. Bxd6 $18 {and it all falls apart.}) 31. Bxg7 Qxa7 32. Qh6 f5 (
32... f6 33. Nxf6+ Kf7 34. Ng5+ Ke7 35. Ne6 $18 {would also be deadly.}) 33.
Ng5 1-0

[Event "Metz op 31th"]
[Site "Metz"]
[Date "2013.04.21"]
[Round "2"]
[White "Crut, Aurelien"]
[Black "Shchekachev, Andrei"]
[Result "0-1"]
[WhiteElo "2367"]
[BlackElo "2520"]
[Annotator "Metz Alekhine/Primel,D"]
[PlyCount "62"]
[EventDate "2013.04.20"]
[EventType "swiss"]
[EventRounds "9"]
[EventCountry "FRA"]
[SourceTitle "EXT 2016"]
[Source "ChessBase"]
[SourceDate "2015.10.08"]
[SourceVersion "1"]
[SourceVersionDate "2015.10.08"]
[SourceQuality "1"]
[TimeControl "40/5400:1800+30"]
[WhiteClock "1:30:00"]
[BlackClock "1:30:00"]

1. e4 c5 2. Nf3 d6 3. Bb5+ Nd7 {La même variante était jouée à la table
voisine} 4. d4 (4. c3 {Degraeve,J (2567)-Doluhanova,E (2332) Op 31th Metz 2013
(2.11) 1/2}) (4. O-O a6 5. Bd3 Ngf6 6. c3 b5 7. Bc2 Bb7 8. Qe2 (8. Re1 e5 9. d4
Be7 10. Nbd2)) 4... Ngf6 5. Nc3 cxd4 6. Qxd4 h6 $5 {Très peu joué} (6... e5 {
La grande ligne} 7. Qd3 h6) (6... g6 7. e5 dxe5 8. Nxe5 Bg7 9. O-O O-O 10. Rd1
Qb6 11. Nxd7 Nxd7 12. Qxb6 Nxb6 13. Bg5 Be6 14. Bxe7 {1/2-1/2 (14) Zvjaginsev,
V (2659)-Mamedov,R (2637) Khanty-Mansiysk 2013}) 7. e5 (7. Be3 e5 {Yudasin,L 
(2635)-Svidler,P (2630) Haifa 1996 (3) 1-0}) 7... dxe5 8. Nxe5 a6 9. Bxd7+ Bxd7
10. Bf4 Bb5 $5 {Une idée originale} (10... Be6 11. Qb4) 11. O-O-O $146 (11.
Qxd8+ Rxd8 12. Nxb5 axb5 {Avec une meilleure finale pour les Blancs} 13. Ke2 (
13. O-O) 13... e6 14. Rad1 $14) (11. Qb4 e6 12. Qb3 Qa5 13. O-O-O Qb4 14. Be3
Rc8 15. Rhe1 Qxb3 16. axb3 Bb4 17. Bd2 {1/2-1/2 (17) Prie,E (2445)-Dorfman,J 
(2555) Hilversum 1993}) (11. Nxb5 $143 axb5 12. Qb4 Qa5 13. Qxa5 Rxa5 $132 {
[%csl Ra2]}) 11... Qxd4 12. Rxd4 e6 13. Rhd1 (13. Nxb5 axb5 14. Kb1 Bc5 15. Rd2
Ne4 $132) 13... Bc5 14. R4d2 O-O 15. a3 Rfc8 $1 {[%csl Rd1,Rd2] Une position
exemplaire avec les R Blanches qui surcontrolent la colonne "d" mais elles
manquent de cases d'accès} 16. Be3 $6 {Le Bc5 contrôle la case d'accès à
la case "d6" mais le P isolé "e3" sera une faiblesse en finale.} (16. Nxb5
axb5 17. Nd7 $6 Ne4 {[%csl Rd2,Rf2]}) 16... Bxe3 17. fxe3 Be8 18. Rd6 Rc5 19.
Nf3 Rac8 $36 {[%csl Gc5,Gc8,Rd1,Rd6] Le doublement des R Noires est nettement
plus efficace que celui des Blancs} 20. Rd8 Kf8 (20... R8c7) 21. R1d4 $2 (21.
Rxc8 $1 {Principe "de la pièce superflue" de Dvoretsky,les deux R Blanches
ont tendance à se gênet en luttant pour les mêmes cases} Rxc8 22. Rd4 Bc6
23. e4 Ke7 24. Ne5 $11) 21... R8c7 $1 {Evite l'échange et la Rd4 prive
l'autre R de case de repli, les Blancs sont déjà en danger!} 22. e4 Ke7 $15
23. Rb8 $2 Nd7 $1 {[%csl Rb8] Les Blancs devaient maintenant regretter d'avoir
évité l'échange des R car ils ont virtuellement une pièce de moins.} 24.
Ra8 Nb6 {[%cal Gb6a8,Gb6c4] Gagnant un tempo important pour jouer Nc4 et
menacer la prise Na3} 25. Rb8 Nc4 $36 {[%csl Rc3][%cal Gc4a3]} 26. Rdd8 (26.
Rbd8 Nxa3) 26... Bd7 27. Rg8 Nxb2 {le triomphe du plan des Noirs et la
position Blanche s'effondre} 28. Kxb2 Rxc3 29. Rxb7 Rxc2+ 30. Kb1 Rc1+ 31. Ka2
Rxb7 {Une partie instructive} 0-1

[Event "Metz op 31th"]
[Site "Metz"]
[Date "2013.04.21"]
[Round "2"]
[White "Degraeve, Jean Marc"]
[Black "Doluhanova, Evgeniya"]
[Result "1/2-1/2"]
[WhiteElo "2567"]
[BlackElo "2332"]
[Annotator "Metz Alekhine/Primel,D"]
[PlyCount "66"]
[EventDate "2013.04.20"]
[EventType "swiss"]
[EventRounds "9"]
[EventCountry "FRA"]
[SourceTitle "EXT 2016"]
[Source "ChessBase"]
[SourceDate "2015.10.08"]
[SourceVersion "1"]
[SourceVersionDate "2015.10.08"]
[SourceQuality "1"]
[TimeControl "40/5400:1800+30"]
[WhiteClock "1:30:00"]
[BlackClock "1:30:00"]

1. e4 c5 2. Nf3 d6 3. Bb5+ Nd7 (3... Bd7 4. Bxd7+ Qxd7 5. c4 Nf6 6. Nc3 g6 7.
d4 cxd4 8. Nxd4 Bg7 9. f3 O-O 10. O-O Rc8 11. b3 d5 12. exd5 Nxd5 13. Nxd5 e6
$11) (3... Nc6 4. O-O (4. Bxc6+)) 4. c3 (4. d4 {Crut,A (2367)-Shchekachev,A 
(2520) Op 31th Metz 2013 (2.12) 0-1}) 4... a6 (4... Ngf6) 5. Ba4 b5 6. Bc2 e5
$5 {Après le choix 3. Nd7, cette variante "e5" confirme que les Noirs jouent
pour le gain} (6... Bb7 {Plus courant} 7. O-O (7. d4)) 7. d4 $1 {Il y a très
peu de parties dans la base avec 6.  e5 mais la partie va transposer plus ou
moins d'une sicilienne vers une ... espagnole!} (7. O-O Bb7 8. d4 {
Karastoichev,E-Ajanski,J BUL-ch 16th Sofia 1962 (17) 1-0}) 7... Ngf6 8. O-O Bb7
9. Re1 Qc7 (9... Be7 {Aurait transposé définitivement dans une espagnole} 10.
Nbd2 O-O {Kotan,L (2364)-Meszaros,A (2327) Zuzmara op Aggtelek 2004 (6) 0-1})
10. Nbd2 g6 {On a une espagnole " améliorée" puisque au lieu de jouer Be7
suivi plus tard de Rf8e8,Bf8 et g6 avec enfin Bg7} 11. a4 $146 (11. d5 Bg7 12.
h3 c4 13. Qe2 Nc5 14. Nh2 O-O-O 15. a4 Kb8 16. axb5 axb5 17. Nhf3 Nh5 18. Nxc4
bxc4 19. Qxc4 Rhe8 20. Be3 Nf4 21. Ra3 f5 22. Rea1 fxe4 23. Qb5 Qf7 24. Ra8+
Kc7 25. R8a7 Qxd5 26. Bxc5 dxc5 27. c4 Qc6 28. Qxc6+ Kxc6 29. Bxe4+ Kd6 30.
Rxb7 {1-0 (30) Mellado Trivino,J (2395)-Bravo Santos,F Seville 1994}) 11... Bg7
12. axb5 axb5 13. Rxa8+ Bxa8 14. dxe5 dxe5 15. c4 b4 16. Nf1 O-O 17. N3d2 Ne8
18. Ne3 Nd6 19. b3 Nb6 20. Bb2 {[%csl Gb2]} Bc6 21. Bd3 Ra8 $132 {[%cal Ga8a2]}
22. Nd5 $1 {Fischer dans son livre sur ses 60 meilleures parties avait souvent
joué ce thème d'occupation de l'avant-poste "d5" sur l'Espagnole} Qd8 23. Bb1
Bxd5 24. exd5 {[%csl Re5]} Nd7 25. Nf3 Qe7 26. Qc1 h6 27. Qe3 f5 28. Nd2 e4 $11
29. Bxg7 Kxg7 30. f3 $1 Ra1 31. fxe4 fxe4 32. Qg3 Nf6 33. Nf1 {[%cal Gf1e3]}
Ng8 {suite illisible et nulle au 44ème coup. La partie était assez plate
mais elle était néanmoins digne d'intérêt du fait de la transposition
d'une sicilienne B51 en espagnole C93!} (33... Nf5 $5 {[%cal Gf5d4,Gf5g3]})
1/2-1/2